<?xml version="1.0" encoding="UTF-8"?>
<record
    xmlns:xsi="http://www.w3.org/2001/XMLSchema-instance"
    xsi:schemaLocation="http://www.loc.gov/MARC21/slim http://www.loc.gov/standards/marcxml/schema/MARC21slim.xsd"
    xmlns="http://www.loc.gov/MARC21/slim">

  <leader>01519    a2200241   4500</leader>
  <controlfield tag="005">20080917142125.0</controlfield>
  <controlfield tag="008">080917t        xxu||||| |||| 00| 0 hin d</controlfield>
  <datafield tag="010" ind1=" " ind2=" ">
    <subfield code="a">HIN-81038</subfield>
  </datafield>
  <datafield tag="020" ind1=" " ind2=" ">
    <subfield code="a">8178792524</subfield>
    <subfield code="c">450.00</subfield>
  </datafield>
  <datafield tag="035" ind1=" " ind2=" ">
    <subfield code="a">HN-53384</subfield>
  </datafield>
  <datafield tag="037" ind1=" " ind2=" ">
    <subfield code="b">D.B.Act / ven</subfield>
  </datafield>
  <datafield tag="082" ind1=" " ind2=" ">
    <subfield code="a">613.7046</subfield>
  </datafield>
  <datafield tag="100" ind1=" " ind2=" ">
    <subfield code="a">&#x909;&#x937;&#x93E; &#x917;&#x94B;&#x92A;&#x93E;&#x932;</subfield>
  </datafield>
  <datafield tag="245" ind1=" " ind2=" ">
    <subfield code="a">&#x92A;&#x94D;&#x930;&#x93E;&#x923;&#x93E;&#x92F;&#x93E;&#x92E; &#x924;&#x925;&#x93E; &#x92F;&#x94C;&#x917;&#x93F;&#x915; &#x935;&#x94D;&#x92F;&#x93E;&#x92F;&#x93E;&#x92E;</subfield>
    <subfield code="c">&#x909;&#x937;&#x93E; &#x917;&#x94B;&#x92A;&#x93E;&#x932;  ; &#x91A;&#x93E;&#x930;&#x942; &#x938;&#x92A;&#x930;&#x93E; &#x926;&#x94D;&#x935;&#x93E;&#x930;&#x93E; &#x938;&#x902;&#x92A;&#x93E;&#x926;&#x93F;&#x924;</subfield>
  </datafield>
  <datafield tag="246" ind1=" " ind2=" ">
    <subfield code="a">Pranayam tatha Vyayam</subfield>
    <subfield code="b">by Usha Gopal ; complied by Charu Sapara</subfield>
  </datafield>
  <datafield tag="260" ind1=" " ind2=" ">
    <subfield code="a">&#x928;&#x908;  &#x926;&#x93F;&#x932;&#x94D;&#x932;&#x940;</subfield>
    <subfield code="b">&#x938;&#x94D;&#x92A;&#x94B;&#x930;&#x94D;&#x91F;&#x94D;&#x938; &#x92A;&#x92C;&#x94D;&#x932;&#x93F;&#x915;&#x947;&#x936;&#x928;&#x94D;&#x938;</subfield>
    <subfield code="c">2005</subfield>
  </datafield>
  <datafield tag="260" ind1=" " ind2=" ">
    <subfield code="a">&#x926;&#x93F;&#x932;&#x94D;&#x932;&#x940;</subfield>
    <subfield code="b">&#x907;&#x902;&#x921;&#x93F;&#x92F;&#x928;   &#x91F;&#x948;&#x915;&#x94D;&#x938;  &#x907;&#x902;&#x938;&#x94D;&#x91F;&#x940;&#x91F;&#x94D;&#x92F;&#x942;&#x91F;(&#x935;&#x93F;&#x924;&#x930;&#x915;)</subfield>
    <subfield code="c">2005</subfield>
  </datafield>
  <datafield tag="270" ind1=" " ind2=" ">
    <subfield code="a">34,&#x917;&#x941;&#x91C;&#x902;&#x930;&#x93E;&#x932;&#x93E;&#x935;&#x93E;&#x902; &#x91F;&#x93E;&#x909;&#x932;,&#x92A;&#x93E;&#x930;&#x94D;&#x91F;-2</subfield>
    <subfield code="b">&#x926;&#x93F;&#x932;&#x94D;&#x932;&#x940;</subfield>
    <subfield code="k">27247805,27464774</subfield>
  </datafield>
  <datafield tag="270" ind1=" " ind2=" ">
    <subfield code="a">7/26,&#x917;&#x94D;&#x930;&#x93E;&#x909;&#x928;&#x94D;&#x921; &#x92B;&#x94D;&#x932;&#x94B;&#x930;,&#x905;&#x902;&#x938;&#x93E;&#x930;&#x940; &#x930;&#x94B;&#x921;,&#x926;&#x930;&#x93F;&#x92F;&#x93E;&#x917;&#x902;&#x91C;</subfield>
    <subfield code="b">&#x926;&#x93F;&#x932;&#x94D;&#x932;&#x940;</subfield>
    <subfield code="k">(&#x911;)55749511(&#x928;&#x93F;)27562163(&#x92E;&#x94B;)9868028838</subfield>
  </datafield>
  <datafield tag="300" ind1=" " ind2=" ">
    <subfield code="a">256&#x92A;&#x943;</subfield>
    <subfield code="b">(&#x938;&#x91A;&#x93F;&#x924;&#x94D;&#x930;)</subfield>
    <subfield code="c">22 &#x938;&#x947;&#x92E;&#x940; (&#x938;&#x91C;&#x93F;&#x932;&#x94D;&#x926;)</subfield>
  </datafield>
  <datafield tag="942" ind1=" " ind2=" ">
    <subfield code="a">dpl</subfield>
    <subfield code="c">HN</subfield>
    <subfield code="k">613.7046 / &#x90A;&#x937;&#x93E;&#x917;&#x94B;</subfield>
    <subfield code="2">ddc</subfield>
    <subfield code="h">613.7046</subfield>
    <subfield code="m"> &#x90A;&#x937;&#x93E;&#x917;&#x94B;</subfield>
  </datafield>
  <datafield tag="999" ind1=" " ind2=" ">
    <subfield code="c">7879</subfield>
    <subfield code="d">7879</subfield>
  </datafield>
  <datafield tag="952" ind1=" " ind2=" ">
    <subfield code="0">0</subfield>
    <subfield code="1">0</subfield>
    <subfield code="2">ddc</subfield>
    <subfield code="4">0</subfield>
    <subfield code="7">0</subfield>
    <subfield code="a">DBAD</subfield>
    <subfield code="b">DBAD</subfield>
    <subfield code="d">2008-09-17</subfield>
    <subfield code="g">450.00</subfield>
    <subfield code="l">0</subfield>
    <subfield code="o">613.7046  &#x90A;&#x937;&#x93E;&#x917;&#x94B;</subfield>
    <subfield code="p">HN-53384</subfield>
    <subfield code="r">2008-09-15 00:00:00</subfield>
    <subfield code="t">1</subfield>
    <subfield code="u">8781</subfield>
    <subfield code="v">450.00</subfield>
    <subfield code="w">2008-09-15</subfield>
    <subfield code="y">HN</subfield>
  </datafield>
</record>
